Normal view
MARC view
Entry Personal Name
001 - CONTROL NUMBER
- control field: 44381
003 - CONTROL NUMBER IDENTIFIER
- control field: ARRUPE
005 - DATE AND TIME OF LATEST TRANSACTION
- control field: 20190205111101.0
008 - FIXED-LENGTH DATA ELEMENTS
- fixed length control field: 190205|| aca||aabn | a|a d
040 ## - CATALOGING SOURCE
- Original cataloging agency: ARRUPE
- Transcribing agency: ARRUPE
100 ## - HEADING--PERSONAL NAME
- Personal name: Smith, Reginald A.
- Fuller form of name: (Reginald Allender),
- Dates associated with a name: 1873-1940.
670 ## - SOURCE DATA FOUND
- Source citation: Work cat.: (ARRUPE)0: Darlton, Ormonde Maddock (ed.) 44378, A guide to antiquities of the Stone Age :, 1926.